|
|
|
|
| LEADER |
00000cam a2200000 a 4500 |
| 001 |
vtls010641169 |
| 003 |
SK-MaSNL |
| 005 |
20260426012520.0 |
| 008 |
240314s2014 xo o g 000 0dslo |
| 015 |
|
|
|a SNBA2015/02
|
| 020 |
|
|
|a 9788081143359
|q (viaz.)
|
| 035 |
|
|
|a B3FA51AF-CC72-43C1-9176-101A9079D97D
|
| 035 |
|
|
|a urn:nbn:sk:snk-amkvw9
|
| 035 |
|
|
|a urn:nbn:sk:snk-am0013dg
|
| 040 |
|
|
|a SNK
|b slo
|c SNK
|e AACR2
|
| 041 |
0 |
|
|a slo
|
| 043 |
|
|
|a e-xo---
|
| 044 |
|
|
|a xo
|c SK
|
| 072 |
|
7 |
|a 271/279
|x Kresťanské cirkvi, sekty, denominácie
|2 konspekt
|
| 072 |
|
7 |
|a 929
|x Biografie
|2 konspekt
|
| 080 |
|
|
|a 274/278-1/-9
|2 2001
|
| 080 |
|
|
|a 274.5-726.6
|2 2001
|
| 080 |
|
|
|a 929-058.1
|2 2001
|
| 080 |
|
|
|a (437.6)
|2 2001
|
| 080 |
|
|
|a (047.53)
|2 2001
|
| 100 |
1 |
|
|a Havranová, Ivana,
|d 1952-
|4 aut
|9 5431
|
| 245 |
1 |
0 |
|a Luteráni
|c Ivana Havranová
|
| 250 |
|
|
|a 1. vyd.
|
| 260 |
|
|
|a Bratislava
|b Marenčin PT
|c 2014
|
| 300 |
|
|
|a 154 s.
|b fotogr.
|c 21 cm
|
| 610 |
0 |
7 |
|a Evanjelická cirkev a.v.
|2 SNKKA
|9 32425
|
| 650 |
0 |
7 |
|a evanjelici
|2 SNKPH
|9 4027
|
| 650 |
0 |
7 |
|a osobnosti
|2 SNKPH
|9 29820
|
| 650 |
0 |
7 |
|a Lutherans
|2 SNKPHeng
|9 268616
|
| 650 |
0 |
7 |
|a Celebrities
|2 SNKPHeng
|9 265203
|
| 651 |
|
7 |
|a Slovensko
|2 SNKPH
|9 14231
|
| 651 |
|
7 |
|a Slovakia
|2 SNKPHeng
|9 92630
|
| 655 |
|
7 |
|a rozhovory
|2 SNKPH
|9 31831
|
| 655 |
|
7 |
|a Interviews
|2 SNKPHeng
|9 266520
|
| 919 |
|
|
|a 978-80-8114-335-9
|
| 958 |
|
|
|a TL
|
| 958 |
|
|
|a BX
|
| 999 |
|
|
|c 1098821
|d 1100751
|
| 952 |
|
|
|a SNK
|b SNK
|y PREZ
|7 0
|p 17A1135140
|o snkSC 162525
|i snk2015/1293
|8 0
|0 0
|1 0
|4 0
|d 2015-01-16
|f 1
|l 0
|r 2025-08-26 00:00:00
|w 2026-02-24
|
| 952 |
|
|
|a SNK
|b SNK
|y VYP
|7 0
|p 17A1135139
|o snkSC 162525 D1
|i snk2015/1294
|8 0
|0 0
|1 0
|4 0
|d 2015-01-16
|l 0
|r 2026-02-24 17:22:29
|w 2026-02-24
|